Lego Star Wars: The Skywalker Saga All Planets - Statistics

General Stats
  • This quiz has been taken 911 times
  • The average score is 15 of 24
Answer Stats
Planet % Correct
Tatooine
96%
Naboo
90%
Coruscant
88%
Hoth
88%
Endor
87%
Geonosis
81%
Mustafar
81%
Jakku
77%
Kamino
75%
Yavin 4
74%
Bespin
73%
Dagobah
68%
Kashyyyk
66%
Exegol
64%
Utapau
59%
Crait
52%
Ahch-To
47%
Takodana
46%
D'Qar
41%
Cantonica
37%
Kijimi
37%
Pasaana
33%
Ajan Kloss
31%
Kef Bir
27%
No matching quizzes found
Score Distribution
Percent of People with Each Score
Percentile by Number Answered
Your Score History
You have not taken this quiz